000 00843nam a2200229 i 4500
001 66817
003 ES-MaACL
005 20230906165841.0
007 t|
008 040405s2001 sp ||||1| spa d
080 _a327(100)(063)
111 2 _aEncuentro Internacional sobre Cultura de Paz (
_n1º.
_d2000.
_cMadrid)
_9629
245 1 3 _aEl contrato global /
_cI Encuentro Internacional sobre Cultura de Paz, Madrid, 11-13 diciembre 2000.
250 _a1ª ed.
260 _aMadrid :
_bFundación Cultura de Paz,
_c2001.
300 _a190 p. :
_bil. ;
_c30 cm.
500 _aTít. tomado de la cub.
650 1 4 _aPaz-
_vCongresos y asambleas.
_915900
710 2 _aFundación Cultura de Paz.
_94257
852 _aES-MaACL
_jL-27270
_z. - Donat. Ernesto García Camarero
852 _aES-MaACL
_jL-28027
_z. - Donat. Ernesto García Camarero
999 _c66817
_d66817